000 00740nam a2200241Ia 4500
003 OSt
005 20220928115100.0
006 a|||||r|||| 00| 0
007 ta
008 220927b |||||||| |||| 00| 0 eng d
024 _a26922
037 _cReference Collections
040 _aSDCL
_cSDCL
_beng
041 _2eng
_aeng
082 _aO-,2J64ak1'N9, P1 RR
100 _aGillespie Stuart
_9442973
245 0 _aShakespeare's books
_b A dictionary of Shakespeare's sources.
260 _aLondon
_bContinuum
_c2001
300 _ax,528p
_ccm.
650 _aShakespeare-Bibliography
_9413239
942 _hO-,2J64ak1'N9, P1 RR
_cREF
_2CC
999 _c758144
_d758144